000 00907nam a22003017a 4500
003 UA-OsUOA
001 21181
007 ta
008 20031121b un ||||| |||| 00| 0 ukr d
100 _aПлужников А.Ф.
700 _aБуйских Б.Н.
700 _aВолков И.В.
700 _aГусаров Н.В.
090 _a94(477)
_bК78
942 _cBK
040 _aUA-OsUOA
_brus
_cUA-OsUOA
_dUA-OsUOA
245 _aКраснознаменный Киевский
_bочерки Краснознаменного Киевского военного округа (1919-1988)
300 _a543 с.
_bІлюстрації
955 _a2
041 _arus
080 _a94(477)
020 _a5-319-00439-7
260 _aКиев
_bПолитиздат Украины
_c1989
044 _aRU
250 _n3-е изд.,испр. и доп.
650 7 _2UDC
999 _c307374
_d307374